00967nam a2200265Ia 4500001000600000003000900006008004100015040001300056040001300069041001300082100001900095100002900114240002600143240003500169245002100204245002100225250001100246260001100257260001000268260004900278300004300327500027400370650002600644650003100670 2251IT-RoPAU130308s9999 xx 000 0 und d aIT-RoPAU cIT-RoPAU aSPAGNOLO aLudmann René gCodice Aut. SPICS: 4452 aCINEMA, foi ET MORALE gCodice Tit. Orig. Spics: T1476 aCine, fe y moral bCine, Fe Y Moral a1a ed. aMADRID bRIALP c1958 [1° Ed.:1958 - Ed.Ling.Originale:1956] a"190 p. (prefazione: no ; testo: 190)" aCinema fede Morale Influsso del Cinema Sul Comportamento Morale Politeismo Erotismo Masochismo Evasione Cinema e Cultura Cinema mezzo di Evangelizzazione Film Religioso Cristiano Spiritualista Irreligioso Discorsi di Pio XII sull'arte Cinematografica e Sul Film Ideale aETICA CINEMATOGRAFICA eCodice materia Spics: 6813